Economía y desarrollo urbano en Centroamérica /

Saved in:
Bibliographic Details
Main Author: Lungo Uclés, Mario
Other Authors: coord, Polése, Mario
Format: Unknown
Published: San José: FLACSO. Programa Costa Rica
Subjects:
Tags: Add Tag
No Tags, Be the first to tag this record!

MARC

LEADER 00000 a2200000 04500
001 11808
003
008 991231s d
040
090 |a 140804  
100 |a Lungo Uclés, Mario  
245 |a Economía y desarrollo urbano en Centroamérica /  |c Mario Lungo Uclés 
260 |a San José:   |b FLACSO. Programa Costa Rica  
300 |a 270 p.  
650 |a PLANIFICACION URBANA  
650 |a DESARROLLO URBANO  
650 |a ECONOMIA URBANA  
650 |a INDUSTRIA  
650 |a COMERCIO  
650 |a COMERCIO INTERNO  
700 |a coord  
700 |a Polése, Mario  
700 |a coord  
999 |c 12607  |d 12607